000 00462nam a2200181Ia 4500
001 3215
005 20260306144904.0
008 260306t2011||||xx |||||||||||||| ||spa||
041 _aESP
082 _a262.4
_bG317
100 _aGarcimartín, Rocio Gª
_eAUT
245 0 _aLa lectio divina:
_bUn itinerario antiguo con posibilidades nuevas
260 _c2011
300 _a47 páginas :
_c20 cm
650 _aGEN
654 _aCHU
942 _cLIB
_dJUS
_fJUS
_2ddc
_n
999 _c3215
_d3215